Olmos y los escritores / (Record no. 183849)

MARC details
000 -LEADER
campo de control de longitud fija 00736nam a2200193 i 4500
001 - NÚMERO DE CONTROL
campo de control 183849
003 - IDENTIFICADOR DE NÚMERO DE CONTROL
campo de control ES-MaACL
005 - FECHA Y HORA DE LA ÚLTIMA TRANSACCIÓN
campo de control 20251014063258.0
008 - DATOS DE LONGITUD FIJA--INFORMACIÓN GENERAL
campo de control de longitud fija 141028s1989 cl acp |||| |dspa d
100 1# - ENTRADA PRINCIPAL--NOMBRE DE PERSONA
Nombre de persona Olmos, Pedro,
Fechas asociadas al nombre 1911-1991
9 (RLIN) 155312
245 10 - MENCIÓN DEL TÍTULO
Título Olmos y los escritores /
Mención de responsabilidad, etc. Pedro Olmos ; prólogo de Ricardo Bindis.
260 ## - PUBLICACIÓN, DISTRIBUCIÓN, ETC.
Lugar de publicación, distribución, etc. Santiago de Chile :
Nombre del editor, distribuidor, etc. [P. Olmos],
Fecha de publicación, distribución, etc. [1989] (
Fabricante Tall. Gráf. Gómez Lay)
300 ## - DESCRIPCIÓN FÍSICA
Extensión 238 p. :
Otras características físicas principalmente il., retr. ;
Dimensiones 27 cm.
600 17 - PUNTO DE ACCESO ADICIONAL DE MATERIA--NOMBRE DE PERSONA
Nombre de persona Olmos, Pedro,
Fechas asociadas al nombre 1911-1991
Fuente del encabezamiento o término
9 (RLIN) 155312
700 1# - ENTRADA AGREGADA--NOMBRE PERSONAL
Nombre de persona Bindis, Ricardo.
9 (RLIN) 155794
852 ## - LOCALIZACIÓN
Ubicación ES-MaACL
Número de control de estantería A-13281
itemnumber 190805
Sublocalización o colección R.150209
Ubicación en estantería Depósito 1
Signatura antigua Olim: N-6281
Anotaciones manuscritas Dedicatoria autógrafa personal
942 ## - ELEMENTOS DE ENTRADA SECUNDARIOS (KOHA)
Fuente del sistema de clasificación o colocación Clasificación decimal universal
Tipo de ítem Koha Libro impreso
Holdings
Estatus retirado Estado de pérdida Fuente del sistema de clasificación o colocación Estado de daño No para préstamo Biblioteca de origen Biblioteca actual Ubicación en estantería Fecha de adquisición Fuente de adquisición Total de préstamos Signatura topográfica completa Código de barras Visto por última vez Precio de reemplazo Tipo de ítem Koha Nota pública
    Clasificación decimal universal     Biblioteca del Ateneo de Madrid Biblioteca del Ateneo de Madrid Depósito 1 28/10/2014 Donación   A-13281 1193306 23/02/2023 23/02/2023 Libro impreso Dedicatoria autógrafa